<?xml version="1.0" encoding="UTF-8"?>
<record
    xmlns:xsi="http://www.w3.org/2001/XMLSchema-instance"
    xsi:schemaLocation="http://www.loc.gov/MARC21/slim http://www.loc.gov/standards/marcxml/schema/MARC21slim.xsd"
    xmlns="http://www.loc.gov/MARC21/slim">

  <leader>01029nam a2200265 i 4500</leader>
  <controlfield tag="001">15091</controlfield>
  <controlfield tag="003">ES-MaACL</controlfield>
  <controlfield tag="005">20230906151001.0</controlfield>
  <controlfield tag="007">t|</controlfield>
  <controlfield tag="008">991220s1999    sp           ||||1| spa d</controlfield>
  <datafield tag="020" ind1=" " ind2=" ">
    <subfield code="a">84-87136-97-4</subfield>
  </datafield>
  <datafield tag="080" ind1=" " ind2=" ">
    <subfield code="a">347.67(460.288)"15/16"</subfield>
  </datafield>
  <datafield tag="080" ind1=" " ind2=" ">
    <subfield code="a">946.028.8"15/16"(093)</subfield>
  </datafield>
  <datafield tag="100" ind1="1" ind2=" ">
    <subfield code="a">Garc&#xED;a Moratalla, Pedro Joaqu&#xED;n.</subfield>
    <subfield code="9">54992</subfield>
  </datafield>
  <datafield tag="245" ind1="1" ind2="4">
    <subfield code="a">Los testamentos en Albacete a finales del siglo XVI (1588-1600) </subfield>
    <subfield code="b">: modelo informativo de las fuentes notariales / </subfield>
    <subfield code="c">Pedro Joaqu&#xED;n Garc&#xED;a Moratalla.</subfield>
  </datafield>
  <datafield tag="260" ind1=" " ind2=" ">
    <subfield code="a">Albacete : </subfield>
    <subfield code="b">Instituto de Estudios Albacetenses "Don Juan Manuel",</subfield>
    <subfield code="c">1999.</subfield>
  </datafield>
  <datafield tag="300" ind1=" " ind2=" ">
    <subfield code="a">208 p. ; </subfield>
    <subfield code="c">22 cm.</subfield>
  </datafield>
  <datafield tag="490" ind1="1" ind2=" ">
    <subfield code="a">Serie 0--Corpus, documenta y bibliograf&#xED;a ; </subfield>
    <subfield code="v">10</subfield>
  </datafield>
  <datafield tag="650" ind1="1" ind2="4">
    <subfield code="a">Testamentos-</subfield>
    <subfield code="z">Albacete-</subfield>
    <subfield code="y">S.XVI-XVII.</subfield>
    <subfield code="9">17522</subfield>
  </datafield>
  <datafield tag="651" ind1=" " ind2="4">
    <subfield code="a">Albacete-</subfield>
    <subfield code="x">Historia-</subfield>
    <subfield code="v">Fuentes.</subfield>
    <subfield code="9">7625</subfield>
  </datafield>
  <datafield tag="710" ind1="2" ind2=" ">
    <subfield code="a">Instituto de Estudios Albacetenses.</subfield>
    <subfield code="9">4884</subfield>
  </datafield>
  <datafield tag="830" ind1="0" ind2=" ">
    <subfield code="a">Serie 0--Corpus, documenta y bibliograf&#xED;a ; </subfield>
    <subfield code="v">10</subfield>
    <subfield code="9">179464</subfield>
  </datafield>
  <datafield tag="852" ind1=" " ind2=" ">
    <subfield code="a">ES-MaACL</subfield>
    <subfield code="j">L-22341 </subfield>
    <subfield code="b">R.127679</subfield>
  </datafield>
  <datafield tag="999" ind1=" " ind2=" ">
    <subfield code="c">15091</subfield>
    <subfield code="d">15091</subfield>
  </datafield>
  <datafield tag="952" ind1=" " ind2=" ">
    <subfield code="0">0</subfield>
    <subfield code="1">0</subfield>
    <subfield code="4">0</subfield>
    <subfield code="7">0</subfield>
    <subfield code="a">ATENEOM</subfield>
    <subfield code="b">ATENEOM</subfield>
    <subfield code="c">DEPO2</subfield>
    <subfield code="d">2008-01-17</subfield>
    <subfield code="e">SC</subfield>
    <subfield code="l">0</subfield>
    <subfield code="o">L-22341</subfield>
    <subfield code="p">1015347</subfield>
    <subfield code="r">2023-02-23 00:00:00</subfield>
    <subfield code="w">2023-02-23</subfield>
    <subfield code="y">MONOGRAFIA</subfield>
  </datafield>
</record>
